000 00504nam a2200193 a 4500
001 4757
003 CO-ViMGA
008 141112s2004 ck r 000 u spa d
040 _aCO-ViMGA
_bspa
_cCO-ViMGA
082 0 4 _a156.7 B534
100 1 _aBleger, Jose
_92908
245 1 0 _aPsicología de la conducta
260 _aMexico :
_bPaidós,
_c1989
300 _a293 p
490 _aPaidós psicología general, 2
650 1 4 _aCONDUCTA - PSICOLOGIA
_92684
650 1 4 _aPSICOLOGIA
_95002
942 _2ddc
_cBK
999 _c16765
_d16765